| 000 | 00638nam a2200229Ia 4500 | ||
|---|---|---|---|
| 005 | 20260429111930.0 | ||
| 008 | 260429s9999||||xx |||||||||||||| ||und|| | ||
| 020 | _a9789394262829 | ||
| 041 | _aEnglish | ||
| 082 |
_a294.592 _bVOG |
||
| 100 | _aVogel, J. PH. | ||
| 245 | 0 |
_aIndian serpent-lore or the Nagas in Hindu legend and art / _cJ. PH. Vogel |
|
| 250 | _a1st ed. | ||
| 260 |
_aNew Delhi : _bManohar Publishers and Distributors, _c2023. |
||
| 300 | _axiv, 318 p.; hb | ||
| 650 | _a Folklore | ||
| 650 | _a Hindu mythology | ||
| 650 | _a Indian art | ||
| 650 | _a Nagas | ||
| 650 | _aSerpents in mythology | ||
| 942 | _cTB | ||
| 999 |
_c51493 _d51493 |
||